00590nam a2200157Ia 4500008004100000020001800041082001600059100004400075245009000119250001600209260003800225300002100263942001300284999001900297952011600316210430s9999 xx 000 0 und d a9780071311144 a620.11 S639 aSmith, William F., Javad Hashemi967301 aFoundations of materials science and engineering 5th in SI Units /cSmith, William F. a5th edition aDubuque, IA :bMcGraw-Hill,c2011 axviii, 1068 p. : cREF2ddc c565785d565785 00102ddc4070aSCMEbSCMEcREFd0008-11-16l1o620.11 S639pSCME-4734r2023-10-02s2023-09-15w2021-04-30yBK